Qui sont ces joueuses de tennis de la WTA ? - Statistiques

Statistiques générales
  • Ce quiz a été pris 86 fois
  • Le résultat moyen est 10 sur 16
Statistiques - réponses
Par images Réponse % Correct
Loïs Boisson
97%
Aryna Sabalenka
90%
Emma Raducanu
90%
Mirra Andreeva
90%
Elina Svitolina
79%
Paula Badosa
79%
Leylah Fernandez
72%
Amanda Anisimova
55%
Sofia Kenin
52%
Alexandra Eala
46%
Marta Kostyuk
46%
Anna Kalinskaya
43%
Alycia Parks
40%
Olga Danilovic
40%
Iva Jovic
30%
Brenda Fruhvirtova
7%
Aucun quiz correspondant
Distribution des résultats
% des personnes avec chaque résultat
Percentile par nombre de réponses
Votre historique - résultats
Vous n’avez pas pris ce quiz